|
|
|
|
| LEADER |
00000nam0a2200000 4500 |
| 001 |
674505 |
| 005 |
20240912132527.0 |
| 090 |
|
|
|a 674505
|
| 100 |
|
|
|a 20240912d1979 k||y0rusy50 ca
|
| 101 |
0 |
|
|a rus
|
| 102 |
|
|
|a RU
|
| 105 |
|
|
|a y z 100yy
|
| 181 |
|
0 |
|a i
|b e
|
| 182 |
|
0 |
|a n
|
| 183 |
|
0 |
|a nc
|2 RDAcarrier
|
| 200 |
1 |
|
|a Рудник будущего при механизированной подземной разработки мощных месторождений крепких руд
|e тезисы докладов Всесоюзной научно-технической конференции (1-3 февраля 1979 года)
|f Московский горный институт
|
| 203 |
|
|
|a Текст
|b визуальный
|c непосредственный
|
| 210 |
|
|
|a Москва
|c [Б. и.]
|d 1979
|
| 215 |
|
|
|a 170 c/
|
| 283 |
|
|
|a volume
|2 RDAcarrier
|
| 606 |
1 |
|
|a Рудные месторождения, мощные
|x Системы разработки, подземные
|9 50035
|
| 610 |
1 |
|
|a рудники будущего
|
| 610 |
1 |
|
|a технология
|
| 610 |
1 |
|
|a схемы
|
| 610 |
1 |
|
|a элементы
|
| 610 |
1 |
|
|a механизация
|
| 610 |
1 |
|
|a автоматизация
|
| 610 |
1 |
|
|a качество
|
| 610 |
1 |
|
|a охрана труда
|
| 610 |
1 |
|
|a окружающая среда
|
| 610 |
1 |
|
|a горнорудные предприятия
|
| 610 |
1 |
|
|a управление
|
| 610 |
1 |
|
|a организация
|
| 610 |
1 |
|
|a самоходное добычное оборудование
|
| 610 |
1 |
|
|a горные работы
|
| 610 |
1 |
|
|a конференции
|
| 675 |
|
|
|a 622.34:622.272(063)
|v 4
|
| 712 |
0 |
2 |
|a Московский горный институт
|c (1930-1962, 1966-1993)
|4 570
|9 23907
|
| 712 |
1 |
2 |
|a Рудник будущего при механизированной подземной разработки мощных месторождений крепких руд
|c конференция
|4 570
|e Москва
|f 1979
|
| 801 |
|
0 |
|a RU
|b 63413507
|c 20240912
|
| 830 |
|
|
|a Ретро2024Каталогизация Шило
|
| 850 |
|
|
|a 63413507
|
| 942 |
|
|
|c BK
|